|
|
|
|
| LEADER |
00703cam a2200217 7i4500 |
| 001 |
0000010090 |
| 005 |
20090219090000.0 |
| 008 |
080221 eng |
| 020 |
|
|
|a 9833710328 (hbk.)
|
| 040 |
|
|
|a OhCoOLI
|
| 050 |
0 |
0 |
|a BP189 NIC 2006
|
| 090 |
0 |
0 |
|a BP189
|b .N53 2006
|
| 100 |
1 |
|
|a Nicholson, Reynold A
|
| 245 |
1 |
4 |
|a The mystics of Islam
|c Reynold A. Nicholson.
|
| 260 |
|
|
|a Batu Caves, Selangor:
|b Masterpiece,
|c 2006.
|
| 300 |
|
|
|a iii, 169 p.;
|c 23 cm.
|
| 504 |
|
|
|a Includes bibliographical references
|
| 650 |
0 |
0 |
|a Mysticism --
|x Islam
|
| 650 |
0 |
0 |
|a Sufism
|
| 999 |
|
|
|a 0000030104
|b BOK
|c OPEN SHELF
|e 1st Floor, Bestari Jaya
|
| 999 |
|
|
|a 0000030115
|b BOK
|c OPEN SHELF
|e 1st Floor, Shah Alam
|